000 00802nam a2200241Ia 4500
003 OSt
005 20220926000506.0
006 a|||||r|||| 00| 0
007 ta
008 220923b |||||||| |||| 00| 0 eng d
020 _a8187981784
_c212.5
037 _bG-4661/11-12, 27/03/2012, Manohar Publishers & Distributors
_cGeneral Book
040 _aRTL
_cRTL
_beng
041 _2eng
_aeng
082 _aYwN30R:g(z,193), P5
100 _aRammohan E N
_9302693
245 0 _aSimply khaki
_b A policeman remembers.
260 _a New Delhi
_bIndialog Publications
_c2005
300 _a323p.
_ccm.
650 _aSociology
942 _hYwN30R:g(z,193), P5
_cGB
_2CC
999 _c599163
_d599163